| Поле | Инд. | ПП | Название | Значение |
|---|---|---|---|---|
| Тип записи | a | |||
| Библиографический уровень | m | |||
| 001 | Контрольный номер | RU/IS/BASE/386697633 | ||
| 005 | Дата корректировки | 20230327162502.9 | ||
| 020 | c | Цена, тираж | 182-58 | |
| 040 | e | Правила каталог. | PSBO | |
| 084 | a | Индекс другой классификации/Индекс ББК | 87 | |
| 090 | a | Полочн. индекс | 87 | |
| c | Каталожный индекс | 87 | ||
| x | Авторский знак | П 58 | ||
| 091 | i | Возрастная адресация (DOS) | 16+ | |
| 097 | b | Оператор | ; Колесова; Опрятова; Маслова; Сунагатуллина; Максимова | |
| 100 | a | Автор | Попов М. | |
| q | Полное имя | Попов Михаил | ||
| 245 | a | Заглавие | Диалектика | |
| b | Продолж. заглавия | Ключ к истине : [16+] | ||
| 260 | a | Место издания | СПб. | |
| b | Издательство | Питер | ||
| c | Дата издания | 2018 | ||
| 300 | a | Объем | 384 с. | |
| b | Иллюстрации/ тип воспроизводства | ил. | ||
| 440 | a | Серия | Тупичок Гоблина | |
| 653 | a | Ключевые слова | философия; диалектика; логика | |
| 700 | a | Другие авторы | Пучков Д. | |
| 901 | t | Тип документа | m |